Spor vo vede - stimul jej rozvoja.

Všeobecné úvahy o ekonomickej teórii. Makroekonomika a mikroekonomika. Ekonomická sloboda. Príčiny neúspechu socialistickej ekonomiky.

Salvato in:
Dettagli Bibliografici
Autore principale: Ondrčka, P.
Natura: Capitolo di libro
Lingua:slovacco
Soggetti:
Tags: Aggiungi Tag
Nessun Tag, puoi essere il primo ad aggiungerne!!

MARC

LEADER 00000naa a2200000 4500
001 r011889
005 20220831094631.4
041 0 |a slo 
044 |a SK 
245 1 0 |a Spor vo vede - stimul jej rozvoja.  |c P. Ondrčka 
520 |a Všeobecné úvahy o ekonomickej teórii. Makroekonomika a mikroekonomika. Ekonomická sloboda. Príčiny neúspechu socialistickej ekonomiky. 
610 2 0 |a veda ekonomická 
610 2 0 |a teórie ekonomické 
610 2 0 |a makroekonomika 
610 2 0 |a mikroekonomika 
610 2 0 |a sloboda ekonomická 
100 1 |a Ondrčka, P.